| 000 | 00845cab a2200253 4500 | ||
|---|---|---|---|
| 001 | WB3407-50 | ||
| 008 | 090401t1998 xxu||||| |||| 00| 0 eng d | ||
| 035 | _a(Sirsi) u84303 | ||
| 041 | _aeng | ||
| 245 | _aNew tax proposal for success fees | ||
| 260 | _c1998 | ||
| 350 | _a0 | ||
| 490 |
_aFinancial Times _v16 February 1998, 22(1) |
||
| 520 | _aInland Revenue has decided that work done on a `success fee` basis will be liable for tax only in the event of success. This will significantly reduce the impact of proposed tax changes for partners in firms, in the move to tax being payable on work in progress. | ||
| 650 | _aACCRUALS BASIS | ||
| 650 | _aINLAND REVENUE | ||
| 650 | _aPARTNERS | ||
| 650 | _aSUCCESS FEES | ||
| 650 | _aTAX | ||
| 650 | _aWORK IN PROGRESS | ||
| 690 | _aTAXATION | ||
| 942 | _n0 | ||
| 948 | _c17/02/1998 | ||
| 999 |
_c52974 _d52974 |
||